000
00216 a2200097 4500
001
19864
100
_a
Giachino J W
245
_a
General metals for technology
260
_a
_b
Bruce Pub Co
_c
090
_c
14486
_d
14486
942
_a
NUST-CAE
_c
M
_c
4987
999
_c
254937
_d
254937